LeBron James Trivia - Statistics

General Stats
  • This quiz has been taken 530 times
  • The average score is 20 of 27
Answer Stats
Information Answer % Correct
How many rings does he have 3
98%
Finals MVPs 3
98%
How many kids does he have 3
98%
How many MVPs does he have 4
96%
First team he played on Cleveland Cavaliers
94%
Second team he played on Miami Heat
93%
State of birth Ohio
93%
City of birth Akron
90%
Nickname King James
89%
Age drafted 18
87%
Year Drafted 2003
87%
Position Small Forward
87%
Age 31
85%
What two numbers did he wear throughout his career 23 and 6
80%
Height 6'8"
80%
I am taking my talents to ________ ________ South Beach
79%
Career High Points 61
75%
Members of first big three Dwyane Wade and Chris Bosh
70%
Members of second big three Kyrie Irving and Kevin Love
69%
Birthday December 30
61%
What High School did he attend St Vincent St Mary's
60%
Weight 250
59%
The Fab _______? 5
59%
Wifes name Savannah Brinson
40%
Middle name Raymone
38%
Mothers name Gloria Marie James
37%
Street he lived on Hickory st
6%
No matching quizzes found
Score Distribution
Percent of People with Each Score
Percentile by Number Answered
Your Score History
You have not taken this quiz